000 00769nam a2200205 a 4500
003 0
005 20250314162711.0
008 071127s19uu xx 00 eng d
050 _aPGS BF 723.E6.P48
_b.P426 2007
100 _aPerares, Stacy.
245 _aEmotional maturity in pet ownership /
_cStacy Perares.
260 _aLas PiƱas City, Philippines :
_bSouthville International School and Colleges,
_c2007.
300 _a32 pages :
_billustrations ;
_c28 cm.
504 _aIncludes bibliographical references.
650 _aEmotional maturity in children.
650 _aPet ownership
_vPsychological aspects.
650 _aHuman-animal relationships in child development.
650 _aMiddle school students
_vEmotional development.
942 _2lcc
_cPASS
999 _c97758
_d97758